Landkreise mit Kreissitz und Kfz-Kennzeichen Brandenburgs - Statistiken

Allgemein
  • Dieses Quiz wurde 28 mal gespielt
  • Das Durchschnittsergebnis liegt bei 17 aus 53
Antwortstatistiken
Antworten % Korrekt
P
95%
CB
74%
FF
58%
BRB
53%
HVL, NAU, RN
53%
BAR, BER, EW
47%
kreisfreie Stadt Cottbus
47%
kreisfreie Stadt Potsdam
47%
OHV
47%
PR
47%
TF, JB, LUK, ZS
47%
PM, BEL
42%
Eberswalde
37%
EE, FI, LIB
37%
kreisfreie Stadt Brandenburg an der Havel
37%
kreisfreie Stadt Frankfurt (Oder)
37%
Landkreis Barnim
37%
Landkreis Oder-Spree
37%
Luckenwalde
37%
Oranienburg
37%
Landkreis Havelland
32%
Landkreis Potsdam-Mittelmark
32%
Landkreis Teltow-Fläming
32%
Landkreis Uckermark
32%
LOS, BSK, EH, FW
32%
OPR, KY, NP, WK
32%
Prenzlau
32%
Rathenow
32%
Seelow
32%
UM, ANG, PZ, SDT, TP
32%
MOL, FRW, SEE, SRB
26%
Neuruppin
26%
Perleberg
26%
SPN, FOR, GUB, SPB
26%
Landkreis Dahme-Spreewald
21%
Landkreis Elbe-Elster
21%
Landkreis Oberhavel
21%
Landkreis Oberspreewald-Lausitz
21%
Landkreis Spree-Neiße
21%
LDS, KW, LC, LN
21%
OSL, CA, SFB
21%
Senftenberg
21%
Bad Belzig
16%
Beeskow
16%
Forst (Lausitz)
16%
Landkreis Märkisch-Oderland
16%
Landkreis Ostprignitz-Ruppin
16%
Landkreis Prignitz
16%
Herzberg (Elster)
11%
HZ
11%
Lübben (Spreewald)
11%
GRS, OR
0%
PER, PK
0%
Keine übereinstimmenden Quizze gefunden
Verteilung der Resultate
Anzahl Personen mit jedem Resultat
Perzentil nach korrekt beantworteten Fragen
Ihre Resultats-Entwicklung
Sie haben dieses Quiz noch nicht gespielt